000 01422cam a22002174a 4500
005 20250605164209.0
008 250528s ||||||||||||||||||||||||d
035 _a20154
020 _a30855500
040 _aGR-AtMCL
_bgre
_dGR-AtMCL
_eAACR2
245 1 _aThe Dinka of the Sudan / Case Studies in Cultural Antropology
260 _bHolt, Rinehart And Winston,
_c1972
300 _a176
520 _aCase Studies in Cultural Anthropology. Foreword, Acknowledgements, Introduction, Goals, Procreation, Unity and Harmony, Human Dignity, Birth, Birth Control, Conception and Pregnancy, Delivery, Infancy, The Naming System, Infant Care, Child Care, Childhood, Weaning Among the Maternal Kin, Reorientation to Agnatic Values, Socialization Through Games, Children's Operations, Youth, Initiation, Military Role, Youth and the Economy, Flirtation and Courtship, Adulthood, Marriage, The Family, Property and Economy, Power and Law, Aging, The Paradox of Age, Advice but Consent, Need and Reward, The Lonely Years, Death, Religion and the Agents of Life and Death, Spiritual Cause of Illness and Its Cure, Death and Eternity, Change, History, Authority, Education, Religion, Health, Economy, Migration, Conclusion, Recommended Reading, Glossary.
700 1 _aMading Deng Francis
_96204
700 1 _aSpindler George
_96205
700 1 _aSpindler Louise
_96206
942 _cBK
999 _c5293
_d5293